| 000 | 00621nam a2200217Ia 4500 | ||
|---|---|---|---|
| 003 | GCL | ||
| 008 | 140319s9999 xx 000 0 ara d | ||
| 040 |
_aGCL / _cGCL |
||
| 082 | 0 | 4 |
_a371.3 _bم ا |
| 100 | 1 | _aمحمد السكران | |
| 245 | 1 | 0 |
_aاساليب تدريس الدراسات الاجتماعية / _cمحمد السكران |
| 260 |
_a[S.N] : _bدار الشروق ، _c1989 |
||
| 300 | _a250ص | ||
| 490 | _a | ||
| 650 | 0 | 4 | _aطرق التدريس |
| 650 | 0 | 4 | _aالتعليم |
| 650 | 0 | 4 | _aالتربية |
| 650 | 0 | 4 | _aالاجتماع |
| 650 | 0 | 4 | _aوسائل الاتصال |
| 942 |
_2ddc _cBK |
||
| 999 |
_c29819 _d29819 |
||